[Event "Cheliabinsk Lozovatsky Memorial-B"]
[Site "Cheliabinsk"]
[Date "2023.02.02"]
[Round "7"]
[White "Yedigaryan, Asya"]
[Black "Aleshina, Arina"]
[Result "0-1"]
[WhiteElo "1859"]
[BlackElo "1680"]
[PlyCount "82"]
[EventDate "2023.01.27"]
[EventType "swiss"]
[EventRounds "10"]
[EventCountry "RUS"]
[SourceTitle "CBM 212 Extra"]
[Source "ChessBase"]
[SourceDate "2023.03.31"]
[SourceVersion "1"]
[SourceVersionDate "2023.03.31"]
[SourceQuality "1"]

1. e4 c5 2. Nf3 e6 3. d4 cxd4 4. Nxd4 a6 5. c4 Qc7 6. Nc3 Nf6 7. a3 d6 8. Be2 Be7 9. Be3 Nbd7 10. Rc1 b6 11. 0-0 Bb7 12. f3 0-0 13. Qd2 Rac8 14. Rfd1 Qb8 15. Kh1 Bd8 16. Qe1 Bc7 17. Qg1 Rfe8 18. Nc2 d5 19. cxd5 exd5 20. exd5 Nh5 21. Bf1 Be5 22. Bd4 Bf4 23. Rb1 Qd6 24. Ne3 Qh6 25. Nf5 Qg5 26. g4 Ne5 27. Qg2 Qg6 28. Be2 Rcd8 29. d6 Kh8 30. Ne4 Nxg4 31. Bxb6 Qxf5 32. Bxd8 Ne3 33. Qf2 Rxe4 34. Bb6 Ng4 35. Qh4 Bg5 36. d7 h6 37. d8Q+ Bxd8 38. Qxd8+ Kh7 39. Qd7 Qf4 40. Qxg4 Qxg4 41. fxg4 Rxg4+ 0-1

[Event "Cheliabinsk Lozovatsky Memorial-B"]
[Site "Cheliabinsk"]
[Date "2023.01.30"]
[Round "4"]
[White "Aleshina, Arina"]
[Black "Saunina, Ludmila"]
[Result "1/2-1/2"]
[WhiteElo "1680"]
[BlackElo "1952"]
[PlyCount "76"]
[EventDate "2023.01.27"]
[EventType "swiss"]
[EventRounds "10"]
[EventCountry "RUS"]
[SourceTitle "CBM 212 Extra"]
[Source "ChessBase"]
[SourceDate "2023.03.31"]
[SourceVersion "1"]
[SourceVersionDate "2023.03.31"]
[SourceQuality "1"]

1. e4 c5 2. Nf3 d6 3. Bb5+ Nc6 4. 0-0 Bd7 5. c3 a6 6. Bd3 Nf6 7. Re1 e5 8. h3 Be7 9. Bf1 b5 10. d4 Qc7 11. a4 0-0 12. axb5 axb5 13. Rxa8 Rxa8 14. dxc5 dxc5 15. Bxb5 Rd8 16. Qe2 Na5 17. Bxd7 Rxd7 18. Bg5 c4 19. Na3 Bxa3 20. Bxf6 Bd6 21. Bg5 Bc5 22. Rd1 f6 23. Rxd7 Qxd7 24. Qd2 Qxd2 25. Bxd2 Kf7 26. Kf1 Ke6 27. Ke2 g6 28. Be3 Kd6 29. Nd2 Bxe3 30. Kxe3 Kc5 31. f4 Nc6 32. Nf3 Kb5 33. g4 h6 34. h4 Ka4 35. g5 hxg5 36. hxg5 exf4+ 37. Kxf4 fxg5+ 38. Nxg5 Kb3 1/2-1/2

[Event "Cheliabinsk Lozovatsky Memorial-B"]
[Site "Cheliabinsk"]
[Date "2023.01.28"]
[Round "2"]
[White "Aleshina, Arina"]
[Black "Shukhman, Anna"]
[Result "0-1"]
[WhiteElo "1680"]
[BlackElo "2168"]
[PlyCount "66"]
[EventDate "2023.01.27"]
[EventType "swiss"]
[EventRounds "10"]
[EventCountry "RUS"]
[SourceTitle "CBM 212 Extra"]
[Source "ChessBase"]
[SourceDate "2023.03.31"]
[SourceVersion "1"]
[SourceVersionDate "2023.03.31"]
[SourceQuality "1"]

1. e4 c5 2. Nf3 e6 3. d4 cxd4 4. Nxd4 a6 5. Nc3 Qc7 6. Be3 Nf6 7. Bd3 b5 8. a3 Bb7 9. 0-0 Be7 10. f4 d6 11. Qf3 Nbd7 12. Rae1 h5 13. Kh1 Nc5 14. Bg1 h4 15. f5 e5 16. Nb3 Rd8 17. Nd5 Bxd5 18. exd5 Nxd3 19. Qxd3 Rc8 20. Rc1 Qc4 21. Rfd1 Qxd3 22. Rxd3 Rh5 23. Nd2 Rxf5 24. c4 e4 25. Rd4 Rxd5 26. Rxd5 Nxd5 27. Rd1 Nf6 28. cxb5 axb5 29. Bd4 d5 30. Nb3 Rc2 31. Bc3 Ng4 32. Rxd5 e3 33. h3 Rxc3 0-1

[Event "Cheliabinsk Panchenko Memorial op-B"]
[Site "Cheliabinsk"]
[Date "2022.09.19"]
[Round "8"]
[White "Aleshina, Arina"]
[Black "Musaeva, Shakhnazi"]
[Result "1-0"]
[WhiteElo "1776"]
[BlackElo "1599"]
[PlyCount "53"]
[EventDate "2022.09.12"]
[EventType "swiss"]
[EventRounds "10"]
[EventCountry "RUS"]
[SourceTitle "CBM 210 Extra"]
[Source "ChessBase"]
[SourceDate "2022.11.30"]
[SourceVersion "1"]
[SourceVersionDate "2022.11.30"]
[SourceQuality "1"]

1. e4 c5 2. Nf3 Nf6 3. e5 Nd5 4. c3 d6 5. d4 cxd4 6. Bc4 Nb6 7. Bb5+ Bd7 8. Bxd7+ Qxd7 9. cxd4 g6 10. 0-0 Bg7 11. Bf4 0-0 12. exd6 exd6 13. Nc3 Na6 14. a4 Nc7 15. Qb3 Ne6 16. Be3 Rac8 17. Nb5 Ra8 18. Rac1 d5 19. Ne5 Qe7 20. a5 Nd7 21. Qxd5 Nxe5 22. dxe5 Rfd8 23. Qe4 a6 24. Nd6 Bxe5 25. Nxb7 Rdb8 26. Qxe5 Rxb7 27. Bb6 1-0

[Event "Cheliabinsk Panchenko Memorial op-B"]
[Site "Cheliabinsk"]
[Date "2021.09.21"]
[Round "10"]
[White "Baranova, Elizaveta"]
[Black "Aleshina, Arina"]
[Result "1-0"]
[WhiteElo "1768"]
[BlackElo "1590"]
[PlyCount "63"]
[EventDate "2021.09.13"]
[EventType "swiss"]
[EventRounds "10"]
[EventCountry "RUS"]
[SourceTitle "CBM 204 Extra"]
[Source "ChessBase"]
[SourceDate "2021.11.30"]
[SourceVersion "1"]
[SourceVersionDate "2021.11.30"]
[SourceQuality "1"]

1. e4 c5 2. Nf3 e6 3. Nc3 a6 4. d4 cxd4 5. Nxd4 Qc7 6. Be2 Nf6 7. 0-0 Bb4 8. Qd3 Nc6 9. Nxc6 bxc6 10. a3 Be7 11. f4 d5 12. Rf3 dxe4 13. Nxe4 Nxe4 14. Qxe4 Bb7 15. Rb3 Bc5+ 16. Be3 Bxe3+ 17. Qxe3 c5 18. Rd1 Rc8 19. Rc3 Qe7 20. Rcd3 Bd5 21. Bf3 Bxf3 22. Qxf3 0-0 23. Rd6 a5 24. Qc3 Qc7 25. Qe5 Qb7 26. R1d3 Qe7 27. Rd7 Qe8 28. Rg3 g6 29. Rgd3 Ra8 30. h4 Qb8 31. Qf6 h5 32. Rg3 1-0

[Event "Cheliabinsk Panchenko Memorial op-B"]
[Site "Cheliabinsk"]
[Date "2021.09.17"]
[Round "5"]
[White "Aleshina, Arina"]
[Black "Samaganova, Alexandra"]
[Result "1/2-1/2"]
[WhiteElo "1590"]
[BlackElo "1917"]
[PlyCount "78"]
[EventDate "2021.09.13"]
[EventType "swiss"]
[EventRounds "10"]
[EventCountry "RUS"]
[SourceTitle "CBM 204 Extra"]
[Source "ChessBase"]
[SourceDate "2021.11.30"]
[SourceVersion "1"]
[SourceVersionDate "2021.11.30"]
[SourceQuality "1"]

1. e4 c5 2. Nf3 e6 3. d4 cxd4 4. Nxd4 a6 5. c4 Nf6 6. Nc3 Qc7 7. a3 b6 8. Be2 Bb7 9. Qd3 d6 10. f4 Nbd7 11. b4 Rc8 12. Bd2 e5 13. Nf3 exf4 14. Bxf4 Ne5 15. Nxe5 dxe5 16. Bg5 Be7 17. Bxf6 Bxf6 18. 0-0 Bg5 19. Qg3 Bh6 20. Rf5 0-0 21. Raf1 Bf4 22. Qf2 f6 23. Rh5 b5 24. c5 Qf7 25. Rh3 Rcd8 26. Rd1 Rxd1+ 27. Bxd1 Rd8 28. Nd5 Kh8 29. Bb3 Qg6 30. Qe2 Bc1 31. Rg3 Qh6 32. Rh3 Qg6 33. Rc3 Bf4 34. c6 Bc8 35. c7 Re8 36. Nb6 f5 37. Nxc8 Rxc8 38. exf5 Qb6+ 39. Qf2 Qd4 1/2-1/2

[Event "Satka Autumn op (Women)"]
[Site "Satka"]
[Date "2021.09.05"]
[Round "6"]
[White "Goriachkina, Oksana"]
[Black "Aleshina, Arina"]
[Result "1-0"]
[WhiteElo "1616"]
[BlackElo "1445"]
[PlyCount "71"]
[EventDate "2021.08.31"]
[EventType "swiss"]
[EventRounds "9"]
[EventCountry "RUS"]
[SourceTitle "CBM 204 Extra"]
[Source "ChessBase"]
[SourceDate "2021.11.30"]
[SourceVersion "1"]
[SourceVersionDate "2021.11.30"]
[SourceQuality "1"]

1. d4 f5 2. Nc3 Nf6 3. Bg5 Ne4 4. Nxe4 fxe4 5. e3 d5 6. c4 c5 7. dxc5 Qa5+ 8. Qd2 Qxd2+ 9. Kxd2 e6 10. cxd5 Bxc5 11. Bb5+ Kf7 12. dxe6+ Bxe6 13. f4 Bb4+ 14. Ke2 Rc8 15. Ba4 b5 16. Bd1 Bc4+ 17. Kf2 h6 18. Bh4 g5 19. fxg5 Kg6 20. Nh3 Be7 21. Nf4+ Kf5 22. g4+ Ke5 23. Ng6+ Ke6 24. Nxe7 Kxe7 25. gxh6+ Kf7 26. Bg5 Kg6 27. h4 Nd7 28. Bf4 Nc5 29. h5+ Kf7 30. g5 Rd8 31. g6+ Kf6 32. Kg3 Nd3 33. Bb3 Nxf4 34. Kxf4 Bxb3 35. axb3 Rd5 36. Ra6+ 1-0

[Event "Cheliabinsk Panchenko Memorial op-B"]
[Site "Cheliabinsk"]
[Date "2020.09.10"]
[Round "4"]
[White "Aleshina, Arina"]
[Black "Nikolaeva, Nadezhda"]
[Result "0-1"]
[WhiteElo "1659"]
[BlackElo "1796"]
[PlyCount "114"]
[EventDate "2020.09.07"]
[EventType "swiss"]
[EventRounds "9"]
[EventCountry "RUS"]
[SourceTitle "CBM 198 Extra"]
[Source "ChessBase"]
[SourceDate "2020.11.30"]
[SourceVersion "1"]
[SourceVersionDate "2020.11.30"]
[SourceQuality "1"]

1. e4 c5 2. Nf3 d6 3. d4 cxd4 4. Qxd4 Nc6 5. Bb5 Bd7 6. Bxc6 Bxc6 7. Nc3 Nf6 8. Bg5 e6 9. 0-0-0 Be7 10. Rhe1 0-0 11. e5 dxe5 12. Qh4 Qc7 13. Nxe5 h6 14. Bxh6 gxh6 15. Qxh6 Nh7 16. f4 Bf6 17. Re3 Bxe5 18. fxe5 f5 19. Ne2 Kh8 20. Nf4 Qg7 21. Ng6+ Kg8 22. Qh5 Be8 23. Rg3 f4 24. Rg4 Rf5 25. Ne7+ Kh8 26. Nxf5 Bxh5 27. Rxg7 Bxd1 28. Kxd1 exf5 29. Rxb7 Ng5 30. h4 f3 31. gxf3 Nxf3 32. e6 Rd8+ 33. Ke2 Nd4+ 34. Ke3 Nxe6 35. Rxa7 Rd4 36. Rf7 Re4+ 37. Kd3 Nf4+ 38. Kc3 Nd5+ 39. Kb3 Ne7 40. a4 Kg8 41. Rf6 Kg7 42. Rd6 f4 43. Rd1 Kf6 44. a5 Re6 45. c4 Nc6 46. a6 Kf5 47. Kc3 f3 48. b4 Re3+ 49. Kd2 Ra3 50. b5 Ne5 51. Ke1 Nxc4 52. Kf2 Ke4 53. Re1+ Kf4 54. Kg1 Ra2 55. Rf1 Ne3 56. Rf2 Ra1+ 57. Kh2 Ng4+ 0-1

[Event "Cheliabinsk Panchenko Memorial op-B"]
[Site "Cheliabinsk"]
[Date "2020.09.08"]
[Round "2"]
[White "Aleshina, Arina"]
[Black "Komissarova, Soigina"]
[Result "0-1"]
[WhiteElo "1659"]
[BlackElo "1827"]
[PlyCount "155"]
[EventDate "2020.09.07"]
[EventType "swiss"]
[EventRounds "9"]
[EventCountry "RUS"]
[SourceTitle "CBM 198 Extra"]
[Source "ChessBase"]
[SourceDate "2020.11.30"]
[SourceVersion "1"]
[SourceVersionDate "2020.11.30"]
[SourceQuality "1"]

1. e4 c5 2. Nf3 e6 3. d4 cxd4 4. Nxd4 a6 5. Bd3 Nf6 6. Qe2 d6 7. c4 Nbd7 8. 0-0 Be7 9. Nc3 0-0 10. Bd2 Qc7 11. b4 b6 12. f4 Rd8 13. Rac1 Bb7 14. f5 Nf8 15. a3 Rac8 16. Qe3 N6d7 17. Qh3 Bf6 18. Nce2 Re8 19. Qg3 Kh8 20. Nf3 Ne5 21. Nxe5 Bxe5 22. Bf4 f6 23. Qf2 Red8 24. Be3 Qb8 25. Bxb6 Rd7 26. Be3 Qa8 27. Qh4 exf5 28. Rxf5 Ng6 29. Qg4 Re7 30. Rh5 Nf8 31. c5 dxc5 32. Bxc5 Rec7 33. Rd1 g6 34. Rh4 Rg7 35. Nd4 Rxc5 36. bxc5 Bxd4+ 37. Kh1 Bf2 38. Rh3 Bc8 39. Qf4 Bxc5 40. Rf3 Be7 41. Bc4 h5 42. e5 Bf5 43. Qd4 fxe5 44. Qxe5 Qa7 45. Bd5 Nd7 46. Qf4 Nf6 47. Ba2 Kh7 48. Rc3 Ne4 49. Rf3 Bg5 50. Qe5 Nf2+ 51. Rxf2 Qxf2 52. Bc4 Bf4 53. Qc3 Qh4 54. h3 Bc7 55. Rf1 Qg3 56. Qxg3 Bxg3 57. Rf3 h4 58. Bxa6 Rc7 59. Bf1 Rc1 60. Kg1 Ra1 61. Rb3 Kh6 62. Rf3 Kg5 63. Rb3 Kf4 64. Rb4+ Ke3 65. Rb3+ Kd4 66. Rf3 Be6 67. Rd3+ Ke4 68. Rc3 Bd5 69. Rf3 Bc4 70. a4 Bxf1 71. Rxf1 Rxa4 72. Rd1 Ke3 73. Rb1 Rd4 74. Kf1 Rd3 75. Ra1 Rb3 76. Rc1 Kd2 77. Ra1 Kc3 78. Rc1+ 0-1

[Event "Satka Autumn op (Women)"]
[Site "Satka"]
[Date "2018.09.16"]
[Round "6"]
[White "Aleshina, Arina"]
[Black "Simakova, Elena"]
[Result "0-1"]
[WhiteElo "1319"]
[BlackElo "1935"]
[PlyCount "84"]
[EventDate "2018.09.11"]
[EventType "swiss"]
[EventRounds "9"]
[EventCountry "RUS"]
[SourceTitle "CBM 186 Extra"]
[Source "ChessBase"]
[SourceDate "2018.08.24"]
[SourceVersion "1"]
[SourceVersionDate "2018.08.24"]
[SourceQuality "1"]

1. e4 c5 2. Nf3 Nc6 3. d4 cxd4 4. Nxd4 g6 5. c4 Nf6 6. Nc3 Nxd4 7. Qxd4 d6 8. Be3 Bg7 9. Be2 0-0 10. Qd1 Be6 11. Rc1 Qa5 12. Qd2 Rfc8 13. b3 a6 14. f3 b5 15. Nb1 Qxd2+ 16. Nxd2 Nd7 17. 0-0 b4 18. Rfd1 a5 19. Nb1 Nc5 20. Bd4 Bh6 21. Rc2 f5 22. e5 dxe5 23. Bxe5 a4 24. Rb2 axb3 25. axb3 Be3+ 26. Kf1 Rd8 27. Rxd8+ Rxd8 28. Ke1 Bc1 29. Rc2 Nxb3 30. c5 Be3 31. c6 Bd4 32. c7 Rc8 33. Ba6 Bxe5 34. Bxc8 Bxc8 35. Rc4 Bd6 36. Rc2 Kf7 37. Ra2 Ke6 38. Rb2 Nd4 39. Nd2 Bxc7 40. Kf2 Bd6 41. Nc4 Bc5 42. Kf1 Ba6 0-1

[Event "Satka Autumn op"]
[Site "Satka"]
[Date "2016.09.23"]
[Round "3"]
[White "Murzina, Agata"]
[Black "Aleshina, Arina"]
[Result "1-0"]
[WhiteElo "1697"]
[BlackElo "1206"]
[PlyCount "83"]
[EventDate "2016.09.21"]
[EventType "swiss"]
[EventRounds "9"]
[EventCountry "RUS"]
[SourceTitle "CBM 174 Extra"]
[Source "ChessBase"]
[SourceDate "2016.10.10"]
[SourceVersion "1"]
[SourceVersionDate "2016.10.10"]
[SourceQuality "1"]

1. e4 c5 2. Nf3 Nc6 3. d4 cxd4 4. Nxd4 Qc7 5. Nc3 e6 6. Ndb5 Qb8 7. Be3 a6 8. Nd4 Nf6 9. Be2 Qc7 10. a3 Be7 11. 0-0 0-0 12. Qd2 b5 13. f4 d6 14. Nxc6 Qxc6 15. Bf3 Nd7 16. f5 Ne5 17. Be2 Nc4 18. Bxc4 Qxc4 19. Rf3 Bb7 20. Re1 Bf6 21. Qf2 Bxc3 22. bxc3 Bxe4 23. Rf4 Qc6 24. f6 Bg6 25. Qh4 Qxc3 26. Bd4 Qxc2 27. fxg7 Rfe8 28. Bf6 e5 29. Rf3 Qc4 30. Qg3 Qe6 31. Qf2 Rac8 32. Rfe3 Rc2 33. R3e2 Rxe2 34. Rxe2 Rc8 35. h3 Rc4 36. Qf3 Bf5 37. g4 Qxf6 38. gxf5 Qxg7+ 39. Rg2 Rc1+ 40. Kh2 Rc2 41. Qa8+ Rc8 42. Qxc8# 1-0

[Event "Satka Autumn op"]
[Site "Satka"]
[Date "2016.09.22"]
[Round "2"]
[White "Aleshina, Arina"]
[Black "Demchenko, Alisa"]
[Result "0-1"]
[WhiteElo "1206"]
[BlackElo "1830"]
[PlyCount "110"]
[EventDate "2016.09.21"]
[EventType "swiss"]
[EventRounds "9"]
[EventCountry "RUS"]
[SourceTitle "CBM 174 Extra"]
[Source "ChessBase"]
[SourceDate "2016.10.10"]
[SourceVersion "1"]
[SourceVersionDate "2016.10.10"]
[SourceQuality "1"]

1. e4 c6 2. d4 d5 3. exd5 cxd5 4. c4 Nf6 5. Nc3 g6 6. cxd5 Bg7 7. Qb3 0-0 8. Be2 Na6 9. Bf3 Qb6 10. Qxb6 axb6 11. a3 Nb4 12. Kd1 Rd8 13. Be3 Nfxd5 14. Bxd5 Nxd5 15. Nf3 e5 16. Kc2 Bf5+ 17. Kc1 exd4 18. Nxd4 Nxe3 19. fxe3 Bxd4 20. exd4 Rxd4 21. Rd1 Rad8 22. b4 Kg7 23. Ra2 Rd3 24. Rxd3 Rxd3 25. Nb5 Bd7 26. Na7 f5 27. Kc2 Re3 28. Kd2 f4 29. a4 Bg4 30. Kc2 Re2+ 31. Kb3 Be6+ 32. Kc3 Rxa2 33. Kd4 Rxa4 34. Ke5 Rxa7 35. Kxe6 Ra4 36. Kd5 Rxb4 37. Ke5 Rb2 38. Kxf4 Rxg2 39. h4 h5 40. Kf3 Rg4 41. Ke3 Rxh4 42. Ke2 Kf6 43. Kf2 Ke5 44. Ke3 Rh3+ 45. Kf2 Ke4 46. Kg2 Ra3 47. Kf2 b5 48. Ke2 Ra2+ 49. Kd1 Ke3 50. Kc1 Kd3 51. Kb1 Rh2 52. Kc1 b4 53. Kb1 Kc3 54. Ka1 b3 55. Kb1 Rh1# 0-1